Understanding mathematics for young children a guide for teachers of children 3 - 7
Gardado en:
| Autor Principal: | |
|---|---|
| Formato: | Libro |
| Idioma: | inglés |
| Publicado: |
SAGE
2017
|
| Tags: |
Engadir etiqueta
Sen Etiquetas, Sexa o primeiro en etiquetar este rexistro!
|
MARC
| LEADER | 00000nam a22000007a 4500 | ||
|---|---|---|---|
| 008 | 201211b ||||| |||| 00| 0 eng d | ||
| 020 | |a 978-1-4739-5351-2 | ||
| 100 | |a HAYLOCK, Derek | ||
| 245 | |a Understanding mathematics for young children |b a guide for teachers of children 3 - 7 |c Derek Haylock and Anne D. Cockburn |g ix, 321p.; ill | ||
| 250 | |b 5TH | ||
| 260 | |b SAGE |c 2017 |h Los Angeles |i 692186 |i 692187 |l QA135.6 .H33 |m Mathematics – Study and teaching (Elementary). | ||
| 500 | |a It includes bibliographical references and index | ||
| 942 | |a lcc |c BK |e O.A.JOHNSON |f 11/12/20 | ||
| 952 | |0 0 |1 0 |2 lcc |4 0 |6 QA01356 H33 |7 0 |9 402 |a HOL |b ED |c AF |d 2020-12-11 |l 0 |o QA135.6 .H33 |p 2020-2135 |r 2020-12-11 00:00:00 |w 2020-12-11 |y BK | ||
| 952 | |0 0 |1 0 |2 lcc |4 0 |7 0 |9 403 |a HOL |b SL |c AF |d 2020-12-11 |o QA135.6 .H33 |p 2020-2136 |r 2020-12-11 00:00:00 |w 2020-12-11 |y BK | ||
| 999 | |c 197 |d 197 | ||